000 00480nam a2200169Ia 4500
003 GCL
008 140319s9999 xx 000 0 eng d
040 _aGCL /
_cGCL
082 0 4 _a781.6403
_bG O
100 1 _aGAMMAND, PETER
245 1 0 _aThe Oxford Campanin to Popular Music /
_cGAMMAND, PETER
260 _a[S.N] :
_bOXFORD UNIVERSITY PRESS ،
_c1991
300 _a739
650 0 4 _aPOPULAR MUSIC - DICTIONARIS
650 0 4 _aPOPULAR MUSIC - BIOBIBLIGRAPHY
942 _2ddc
_cBK
999 _c17338
_d17338